| 000 | 00459nam a2200181Ia 4500 | ||
|---|---|---|---|
| 001 | 7762 | ||
| 005 | 20260306160519.0 | ||
| 008 | 260306t2007||||xx |||||||||||||| ||spa|| | ||
| 041 | _aESP | ||
| 082 |
_a361.61 _bI63 |
||
| 110 | _aGrupo de Análisis para el Desarrollo | ||
| 245 | 0 | _aInvestigación, políticas y desarrollo en el Perú | |
| 260 | _c2007 | ||
| 300 |
_a667 páginas : _c23 cm. |
||
| 650 | _aGEN | ||
| 654 | _aCAN | ||
| 942 |
_cLIB _dJUS _fJUS _2ddc _n |
||
| 999 |
_c7762 _d7762 |
||